| 000 | 00725nam a2200217 a 4500 | ||
|---|---|---|---|
| 001 | 1892916 | ||
| 003 | AM-YEHGA | ||
| 005 | 20250617164653.0 | ||
| 008 | 230324s2022 ai a|||gr|||||||||1|arm|d | ||
| 020 | _a9789939607696 | ||
| 040 | _aAM-YeHGA | ||
| 041 | 0 | _aarm | |
| 100 | 1 | _aՅայլախանյան, Սոս | |
| 245 | 1 | 0 |
_aԸնտրանի ։ _bԲանաստեղծություններ / _cՍ. Յայլախանյան ; Խմբագիր՝ Ս. Ռայիսյան. |
| 260 |
_aԵրևան ։ _bՎՄՎ-Պրինտ, _c2022. |
||
| 300 |
_a427 էջ+[1] ներդիր էջ ; _bլուսանկ. ; _c21 սմ. |
||
| 650 | 1 | 4 | _aՀայ պոեզիա |
| 700 | 1 |
_aՌայիսյան, Սահակ _eխմբ. _4edt |
|
| 942 |
_2udc _cBK |
||
| 090 | _c565716 | ||
| 999 |
_c527603 _d527603 |
||